000 01480cam a2200361 a 4500
001 2606038
003 OSt
005 20230602140915.0
008 970604s1996 sw ab b 000 0 eng d
020 _a9171063862
035 _a(NIC)notisAPE8839
035 _a(CStRLIN)NYCXAPE8839-B
040 _aTXH
_cTXH
_dNIC
_dDLC
042 _alccopycat
043 _af-sj---
_af-ua---
082 _a304.2
_bMAN
100 1 _aManger, Leif O.
245 1 0 _aSurvival on meagre resources :
_bHadendowa pastoralism in the Red Sea Hills /
_cLeif Manger with Hassan Abd el Ati ... [et al.].
260 _aUppsala :
_bNordiska Afrikainstitutet,
_c1996.
300 _a244 p. :
_bill., maps ;
_c24 cm.
504 _aIncludes bibliographical references (p. [195]-202).
650 0 _aHadendowa (African people)
_xDomestic animals.
650 0 _aHadendowa (African people)
_xSocial conditions.
650 0 _aHadendowa (African people)
_xEconomic conditions.
650 0 _aPastoral systems
_zRed Sea Hills (Egypt and Sudan)
650 0 _aAgriculture
_xEconomic aspects
_zRed Sea Hills (Egypt and Sudan)
650 0 _aSubsistence economy
_zRed Sea Hills (Egypt and Sudan)
650 0 _aHuman ecology
_zRed Sea Hils (Egypt and Sudan)
710 2 _aThomas Leiper Kane Collection (Library of Congress. Hebraic Section)
_5DLC
906 _a7
_bcbc
_ccopycat
_d3
_encip
_f19
_gy-gencatlg
942 _2ddc
_cBK
999 _c164
_d164